000 00401nam a22001457a 4500
005 20180130115834.0
008 180130b xxu||||| |||| 00| 0 eng d
040 _cPK-LaUMT
082 _aPKAC 297.74092
_bFIA-M
100 _aFiaz Aziz , Muhammad
245 _aMashhad Bala Kot(مشہد بالاکوٹ)
_cMuhammad Fiaz Aziz
260 _aراولپنڈی:
_b[ ]
_c1996
300 _a148
942 _cBK
999 _c102481
_d102481